[Event "12.PSF-A"]
[Site "Prague"]
[Date "2016.06.20"]
[Round "3.17"]
[White "Stojkovic, Andreja"]
[Black "Bartos, Miroslav"]
[Result "1-0"]
[WhiteElo "1877"]
[BlackElo "1862"]
[PlyCount "89"]
[EventDate "2016.06.25"]
[EventType "swiss"]
[EventRounds "9"]
[EventCountry "CZE"]

1. e4 g6 2. h4 h5 3. Bc4 e6 4. Qe2 Bg7 5. Nf3 a6 6. a4 d6 7. d3 Ne7 8. c3 Nbc6
9. Bg5 Na5 10. Nbd2 Nxc4 11. dxc4 a5 12. Nd4 e5 13. Nc2 Qd7 14. f3 b6 15. b3 f6
16. Be3 O-O 17. O-O-O f5 18. Bg5 Rf7 19. Qd3 fxe4 20. fxe4 Bb7 21. Ne3 Raf8 22.
Rhf1 Nc6 23. Rf3 Nd8 24. Rdf1 Ne6 25. Nd5 Nc5 26. Qe3 Ne6 27. Kc2 Bxd5 28. cxd5
Nxg5 29. Qxg5 Rxf3 30. Rxf3 Rxf3 31. Nxf3 Kh7 32. Qg3 Bh6 33. Ng5+ Bxg5 34.
hxg5 b5 35. axb5 Qxb5 36. Qf3 Qd7 37. c4 Kg8 38. Kc3 Qf7 39. Qxf7+ Kxf7 40. Kb2
Ke7 41. Ka3 Kd7 42. Ka4 c6 43. Kxa5 cxd5 44. cxd5 Kc7 45. Ka6 1-0

[Event "12.PSF-A"]
[Site "Prague"]
[Date "2016.06.20"]
[Round "3.18"]
[White "Mach, Petr"]
[Black "Mach, st. Petr"]
[Result "1-0"]
[WhiteElo "1699"]
[BlackElo "1688"]
[PlyCount "97"]
[EventDate "2016.06.25"]
[EventType "swiss"]
[EventRounds "9"]
[EventCountry "CZE"]

1. d4 Nf6 2. Bf4 g6 3. c4 Bg7 4. Nc3 d6 5. Nf3 O-O 6. e3 Nbd7 7. h3 c5 8. Be2
Nh5 9. Bh2 e5 10. dxe5 dxe5 11. Nd2 b6 12. Bxh5 gxh5 13. Qxh5 Bb7 14. O-O f5
15. Rad1 Qe7 16. Qe2 f4 17. exf4 Rae8 18. fxe5 Nxe5 19. Rfe1 Qh4 20. Bg3 Qg5
21. Nde4 Bxe4 22. Nxe4 Qg6 23. Qd2 Nxc4 24. Qd5+ Qf7 25. Qxf7+ Rxf7 26. b3 Rfe7
27. f3 Ne5 28. Bh4 Re6 29. Nd6 Rf8 30. Re4 Rg6 31. Kh1 Nc6 32. f4 Nd4 33. Be7
Rb8 34. f5 Rh6 35. g4 Rxh3+ 36. Kg2 Rc3 37. f6 Rc2+ 38. Kg3 Rc3+ 39. Kf4 Rf3+
40. Ke5 Nc6+ 41. Kd5 Nb4+ 42. Ke6 Bf8 43. f7+ Kh8 44. Nf5 Bxe7 45. Kxe7 Nc6+
46. Kd7 Rxf5 47. gxf5 Kg7 48. Kxc6 Kxf7 49. Re6 1-0

[Event "12.PSF-A"]
[Site "Prague"]
[Date "2016.06.20"]
[Round "3.19"]
[White "Kozlova, Lucie"]
[Black "Veselsky, Jan"]
[Result "0-1"]
[WhiteElo "1636"]
[BlackElo "1662"]
[PlyCount "110"]
[EventDate "2016.06.25"]
[EventType "swiss"]
[EventRounds "9"]
[EventCountry "CZE"]

1. c4 Nf6 2. Nc3 g6 3. d4 d5 4. b3 Bg7 5. e3 O-O 6. g3 c5 7. Bg2 dxc4 8. bxc4
Nc6 9. Nge2 e6 10. O-O Qc7 11. Bb2 Rd8 12. Nb5 Qb6 13. Qc2 a6 14. Na3 Ng4 15.
Qb3 Qxb3 16. axb3 cxd4 17. exd4 Nxd4 18. Nxd4 Bxd4 19. Bxd4 Rxd4 20. Rad1 Rd7
21. c5 Rb8 22. Nc4 Rc7 23. Rd8+ Kg7 24. Nb6 Ne5 25. Rfd1 Rxc5 26. h3 Rc7 27. f4
Nc6 28. Re8 Bd7 29. Rxb8 Nxb8 30. Kf2 Rc2+ 31. Kg1 Bb5 32. Bxb7 Rc3 33. Rd8 Nc6
34. Rc8 Rxg3+ 35. Kh2 Rc3 36. Nd7 Rc2+ 37. Kg3 Nd4 38. Bxa6 Bxa6 39. Rxc2 Nxc2
40. Nc5 Bb5 41. Kf2 Nd4 42. Ke3 Nf5+ 43. Ke4 Bc6+ 44. Ke5 Bd5 45. Ne4 Bxb3 46.
Nf6 Ba4 47. Ng4 Bc6 48. Nf2 Bd5 49. Ng4 Bg2 50. Nf6 Bxh3 51. Ne8+ Kf8 52. Nf6
h5 53. Nxh5 gxh5 54. Kf6 Bg4 55. Kg5 Bf3 0-1

[Event "12.PSF-A"]
[Site "Prague"]
[Date "2016.06.21"]
[Round "4.1"]
[White "Kulhanek, Tomas"]
[Black "Vichnar, David"]
[Result "0-1"]
[WhiteElo "2367"]
[BlackElo "2346"]
[PlyCount "58"]
[EventDate "2016.06.25"]
[EventType "swiss"]
[EventRounds "9"]
[EventCountry "CZE"]
[WhiteClock "0:03:51"]
[BlackClock "0:15:33"]

1. e4 c5 2. Be2 Nc6 3. d3 Nf6 4. f4 d6 5. Nf3 Bg4 6. O-O g6 7. Qe1 Bg7 8. Qh4
O-O 9. Kh1 h6 10. Na3 Rb8 11. h3 Bd7 12. f5 g5 13. Bxg5 hxg5 14. Nxg5 Ne5 15.
Nc4 Nxc4 16. dxc4 Bc6 17. Rad1 Qb6 18. b3 Qa5 19. Rd3 Qxa2 20. Rg3 Qxc2 21. Nh7
Nxe4 22. Re3 Rfe8 23. Bd1 Qd2 24. Rxe4 Bxe4 25. Qxe4 Qd4 26. Qc2 Qh4 27. Bf3
Qxh7 28. Be4 Bf6 29. Rf4 Kh8 0-1

[Event "12.PSF-A"]
[Site "Prague"]
[Date "2016.06.21"]
[Round "4.2"]
[White "Kiss, Pal"]
[Black "Ptacnikova, Lenka"]
[Result "1/2-1/2"]
[WhiteElo "2290"]
[BlackElo "2169"]
[PlyCount "120"]
[EventDate "2016.06.25"]
[EventType "swiss"]
[EventRounds "9"]
[EventCountry "CZE"]
[WhiteClock "0:04:47"]
[BlackClock "0:07:18"]

1. d4 Nf6 2. c4 e6 3. Nf3 Bb4+ 4. Bd2 Bxd2+ 5. Qxd2 O-O 6. g3 d5 7. Bg2 dxc4 8.
Na3 b6 9. Ne5 Nd5 10. Naxc4 Bb7 11. Rc1 Na6 12. O-O Qe7 13. Ne3 c5 14. dxc5
Nxe3 15. Qxe3 Bxg2 16. Kxg2 Nxc5 17. b4 Na6 18. Nc6 Qb7 19. Qf3 Rac8 20. Rc2
Nc5 21. Nd4 Qxf3+ 22. Kxf3 Na6 23. Nc6 Rc7 24. Rfc1 g6 25. a3 Kg7 26. e4 Rfc8
27. Ke3 e5 28. f4 f6 29. b5 Nb8 30. fxe5 fxe5 31. Rc4 Nxc6 32. Rxc6 Rxc6 33.
Rxc6 Rf8 34. a4 Rf7 35. g4 h6 36. Re6 Rc7 37. Rc6 Rd7 38. h4 Kf7 39. h5 gxh5
40. gxh5 Rd4 41. Rc7+ Kf6 42. Rxa7 Kg5 43. Rf7 Kxh5 44. Rf5+ Kg4 45. Rxe5 Rxa4
46. Re6 Ra3+ 47. Kd4 h5 48. Rxb6 h4 49. Rh6 Rb3 50. Kc5 Re3 51. Kd5 Rb3 52. Kc6
Re3 53. b6 Rxe4 54. b7 Re8 55. Kd7 Rb8 56. Kc7 Rxb7+ 57. Kxb7 h3 58. Kc6 Kg3
59. Kd5 h2 60. Ke4 Kg2 1/2-1/2

[Event "12.PSF-A"]
[Site "Prague"]
[Date "2016.06.21"]
[Round "4.3"]
[White "Postupa, Pavel"]
[Black "Benes, Petr"]
[Result "0-1"]
[WhiteElo "2241"]
[BlackElo "2015"]
[PlyCount "86"]
[EventDate "2016.06.25"]
[EventType "swiss"]
[EventRounds "9"]
[EventCountry "CZE"]
[WhiteClock "0:46:50"]
[BlackClock "0:26:08"]

1. e4 Nc6 2. Nf3 d6 3. Nc3 Nf6 4. d4 Bg4 5. Bb5 a6 6. Bxc6+ bxc6 7. h3 Bh5 8.
g4 Bg6 9. Qe2 e6 10. Bg5 Be7 11. e5 Nd5 12. Nxd5 cxd5 13. Bxe7 Qxe7 14. O-O h5
15. g5 h4 16. Kh2 Be4 17. Rg1 f6 18. c4 fxe5 19. Nd2 Bg6 20. dxe5 Rf8 21. Rae1
Rf5 22. f4 dxe5 23. cxd5 Rd8 24. Nc4 Rxf4 25. b3 Rxd5 26. Qb2 Qc5 27. Rg2 Re4
28. Rc1 Qd4 29. Qa3 a5 30. Qa4+ Ke7 31. Qc6 Rc5 32. Qa8 Rf4 33. Re1 Be4 34.
Rxe4 Qxe4 35. Qa7 Qd5 36. Nb6 Qc6 37. Nc4 Rf8 38. Nxa5 Qd5 39. b4 Rc3 40. b5
Qxb5 41. Nb3 Qb4 42. g6 Rff3 43. Kg1 Qb6+ 0-1

[Event "12.PSF-A"]
[Site "Prague"]
[Date "2016.06.21"]
[Round "4.4"]
[White "Janacek, Jaroslav"]
[Black "Matras, Ondrej"]
[Result "1/2-1/2"]
[WhiteElo "2008"]
[BlackElo "2257"]
[PlyCount "117"]
[EventDate "2016.06.25"]
[EventType "swiss"]
[EventRounds "9"]
[EventCountry "CZE"]
[WhiteClock "0:10:43"]
[BlackClock "0:06:20"]

1. e4 e6 2. d4 d5 3. Nc3 Bb4 4. exd5 exd5 5. Bd3 c6 6. Qf3 Nd7 7. a3 Bd6 8.
Nge2 Ndf6 9. h3 Be6 10. O-O Ne7 11. Bg5 Ng6 12. Rfe1 O-O 13. b4 Be7 14. Ng3 Nd7
15. Bxe7 Qxe7 16. Na4 Qh4 17. c3 b6 18. Nb2 b5 19. a4 a6 20. a5 Rae8 21. Re3
Nf6 22. Rae1 Bd7 23. Bf5 Rxe3 24. Rxe3 Qg5 25. Bxg6 fxg6 26. Qe2 h5 27. Nd3 h4
28. Re5 Qh6 29. Nf1 Ne4 30. Rxe4 dxe4 31. Nc5 Bc8 32. Qxe4 Qc1 33. Qe3 Qb1 34.
Nd3 Bf5 35. Ne5 Be4 36. f3 Bd5 37. Qd3 Qc1 38. Qe3 Qa1 39. Kf2 Re8 40. Nd2 Qc1
41. Qd3 Qd1 42. Nf1 Qxd3 43. Nxd3 Bc4 44. Ne5 Bxf1 45. Kxf1 Re6 46. Kf2 g5 47.
Ke3 Kf8 48. Ke4 g6 49. f4 gxf4 50. Kxf4 Rf6+ 51. Kg5 Re6 52. Kf4 Kg7 53. Kg5
Rf6 54. Kxh4 Rf2 55. g4 Rc2 56. Nxc6 Rxc3 57. Nb8 Kf6 58. Nd7+ Ke6 59. Nc5+
1/2-1/2

[Event "12.PSF-A"]
[Site "Prague"]
[Date "2016.06.21"]
[Round "4.5"]
[White "Vardan, Nagpal"]
[Black "Gregor, Jiri"]
[Result "0-1"]
[WhiteElo "1864"]
[BlackElo "2234"]
[PlyCount "157"]
[EventDate "2016.06.25"]
[EventType "swiss"]
[EventRounds "9"]
[EventCountry "CZE"]

1. d4 c5 2. d5 e6 3. c4 exd5 4. cxd5 d6 5. Nc3 a6 6. a4 Ne7 7. Nf3 Ng6 8. h4 h5
9. Bg5 Be7 10. Bxe7 Qxe7 11. e3 Bg4 12. g3 Ne5 13. Be2 Nbd7 14. Ng5 Bxe2 15.
Qxe2 c4 16. O-O Nc5 17. e4 f6 18. Nh3 O-O-O 19. f4 Ned3 20. Nf2 g5 21. hxg5
fxg5 22. f5 Qe5 23. Qe3 h4 24. Nxd3 Nxd3 25. g4 h3 26. Kh1 Kb8 27. Rf3 Nxb2 28.
Rb1 Nd3 29. Ne2 Nc5 30. Nd4 Ka8 31. Ne6 Rc8 32. Nxc5 Rxc5 33. f6 c3 34. Rf5 c2
35. Rc1 Qb2 36. Rff1 Qc3 37. Qxg5 Qg3 38. Qd2 Qxg4 39. Rf4 Qg5 40. Rf2 Qxd2 41.
Rxd2 Rf8 42. Rdxc2 Rxc2 43. Rxc2 Rxf6 44. Kh2 Rf3 45. Rc8+ Ka7 46. a5 Re3 47.
Re8 b5 48. Re7+ Kb8 49. Re8+ Kc7 50. Re7+ Kd8 51. Ra7 Rxe4 52. Rxa6 Ke7 53. Rb6
Re3 54. a6 Ra3 55. Rxb5 Kf6 56. Rb2 Ke5 57. Rd2 Rxa6 58. Kxh3 Ra5 59. Kg2 Rxd5
60. Ra2 Kd4 61. Kf2 Re5 62. Rd2+ Kc5 63. Rc2+ Kb4 64. Rb2+ Kc3 65. Rb6 d5 66.
Ra6 d4 67. Ra3+ Kc2 68. Ra2+ Kb3 69. Ra8 d3 70. Rd8 Kc2 71. Rc8+ Kd1 72. Rd8 d2
73. Rf8 Re7 74. Rf6 Rc7 75. Ra6 Kc2 76. Ra2+ Kc1 77. Ra1+ Kb2 78. Rd1 Kc2 79.
Rh1 0-1

[Event "12.PSF-A"]
[Site "Prague"]
[Date "2016.06.21"]
[Round "4.6"]
[White "Haba, Zdenek"]
[Black "Vystrcil, Martin"]
[Result "1-0"]
[WhiteElo "2233"]
[BlackElo "2033"]
[PlyCount "73"]
[EventDate "2016.06.25"]
[EventType "swiss"]
[EventRounds "9"]
[EventCountry "CZE"]

1. d4 Nf6 2. c4 g6 3. Nc3 Bg7 4. e4 d6 5. Be2 O-O 6. Bg5 Nbd7 7. Qd2 e5 8. d5
Qe8 9. f3 Rb8 10. Nh3 a6 11. Nf2 b6 12. g4 Nc5 13. h4 b5 14. b4 Na4 15. Nxa4
bxa4 16. c5 c6 17. Rc1 cxd5 18. exd5 e4 19. Bxf6 e3 20. Qc3 exf2+ 21. Kxf2 Bxf6
22. Qxf6 Rxb4 23. h5 Qd8 24. Qxd6 Qxd6 25. cxd6 Bb7 26. d7 Rd8 27. Rc7 Kg7 28.
hxg6 hxg6 29. Bc4 Kf6 30. Re1 a3 31. Re8 Rxc4 32. Rxb7 Rc2+ 33. Kg3 Rb2 34. Rc7
Rxd7 35. Rxd7 Rxa2 36. Rd6+ Kg5 37. Rh8 1-0

[Event "12.PSF-A"]
[Site "Prague"]
[Date "2016.06.21"]
[Round "4.7"]
[White "Fabian, Jan"]
[Black "Istona, Martin"]
[Result "0-1"]
[WhiteElo "1302"]
[BlackElo "2173"]
[PlyCount "38"]
[EventDate "2016.06.25"]
[EventType "swiss"]
[EventRounds "9"]
[EventCountry "CZE"]

1. e4 c5 2. Nc3 Nc6 3. d3 g6 4. f4 Bg7 5. g4 d6 6. g5 e5 7. Bg2 Nge7 8. h4 exf4
9. Bxf4 Nd4 10. Qd2 Bg4 11. Nd1 Ne6 12. Be3 Qb6 13. c3 O-O-O 14. Nf2 Bh5 15.
Ne2 d5 16. Bh3 Bf3 17. O-O dxe4 18. Nf4 Nf5 19. Nxe6 fxe6 0-1

[Event "12.PSF-A"]
[Site "Prague"]
[Date "2016.06.21"]
[Round "4.8"]
[White "Pochinkov, Andrey"]
[Black "Brcak, Marek"]
[Result "0-1"]
[WhiteElo "2125"]
[BlackElo "1866"]
[PlyCount "100"]
[EventDate "2016.06.25"]
[EventType "swiss"]
[EventRounds "9"]
[EventCountry "CZE"]

1. Nf3 Nf6 2. b3 d5 3. Bb2 Bg4 4. e3 Nbd7 5. d4 e6 6. Nbd2 Bd6 7. h3 Bh5 8. Be2
Rc8 9. O-O O-O 10. Ne5 Bxe2 11. Qxe2 Ne8 12. f4 f5 13. g4 Ndf6 14. g5 Ne4 15.
Nxe4 fxe4 16. Qg4 Rf5 17. c4 g6 18. c5 Bxe5 19. dxe5 c6 20. b4 Ng7 21. a4 a6
22. Bd4 Rf7 23. h4 Qe8 24. Ra2 Rf8 25. Rb2 Rb8 26. Rfb1 Nf5 27. b5 axb5 28.
axb5 Ra8 29. bxc6 bxc6 30. Rh2 Ra3 31. h5 Nxd4 32. exd4 Rf3 33. hxg6 Qxg6 34.
Rh6 Qf5 35. Qxf5 Rxf5 36. Rb8+ Kg7 37. Rb7+ Rf7 38. Rxh7+ Kxh7 39. Rxf7+ Kg8
40. Ra7 Rxf4 41. Ra3 Kg7 42. Kg2 Kg6 43. Kg3 Kxg5 44. Ra8 Rf3+ 45. Kg2 Rf7 46.
Rg8+ Kf4 47. Kf2 e3+ 48. Ke2 Ke4 49. Rg6 Rf2+ 50. Ke1 Kd3 0-1

[Event "12.PSF-A"]
[Site "Prague"]
[Date "2016.06.21"]
[Round "4.9"]
[White "Lhotsky, Zdenek"]
[Black "Fiser, Jiri"]
[Result "1/2-1/2"]
[WhiteElo "1684"]
[BlackElo "1981"]
[PlyCount "80"]
[EventDate "2016.06.25"]
[EventType "swiss"]
[EventRounds "9"]
[EventCountry "CZE"]

1. e4 c5 2. Nf3 Nc6 3. d4 cxd4 4. Nxd4 Nf6 5. Nc3 e5 6. Ndb5 d6 7. Bg5 a6 8.
Na3 b5 9. Nd5 Be7 10. Bxf6 Bxf6 11. c4 b4 12. Nc2 Rb8 13. Be2 O-O 14. Qd3 Bg5
15. O-O f5 16. Bf3 f4 17. Nxf4 Bxf4 18. Qd5+ Kh8 19. Qxc6 Bb7 20. Qa4 a5 21.
Qb3 Rf6 22. Rad1 Bxh2+ 23. Kxh2 Rh6+ 24. Kg1 Qh4 25. Bh5 Qxh5 26. f3 Bc6 27. a4
Qg5 28. Ne3 Bxa4 29. Qxa4 Qxe3+ 30. Rf2 Qc5 31. b3 Ra8 32. Rd5 Qc7 33. Rfd2 Re6
34. Ra2 h5 35. Rxa5 Qb6+ 36. Kh2 Rxa5 37. Qxa5 Qe3 38. Qxb4 Qf4+ 39. Kg1 h4 40.
Qd2 Qg3 1/2-1/2

[Event "12.PSF-A"]
[Site "Prague"]
[Date "2016.06.21"]
[Round "4.10"]
[White "Doring, Robert"]
[Black "Ayriyan, Bella"]
[Result "1-0"]
[WhiteElo "2159"]
[BlackElo "1858"]
[PlyCount "119"]
[EventDate "2016.06.25"]
[EventType "swiss"]
[EventRounds "9"]
[EventCountry "CZE"]

1. e4 c5 2. c3 e6 3. d4 d5 4. exd5 exd5 5. Be3 c4 6. b3 Qc7 7. bxc4 Nf6 8. Nf3
Nbd7 9. Qa4 Be7 10. Be2 O-O 11. c5 Ne4 12. O-O Ndf6 13. c4 Be6 14. Rc1 Ng4 15.
Nc3 Ng5 16. Bxg5 Bxg5 17. cxd5 Bxc1 18. Rxc1 Qf4 19. Qd1 Bd7 20. Qd2 Qxd2 21.
Nxd2 Nf6 22. Rb1 Rfe8 23. Kf1 Rab8 24. Nc4 Bf5 25. Rb2 Be4 26. Nd6 Re7 27.
Ndxe4 Nxe4 28. d6 Nxd6 29. cxd6 Rd7 30. Bf3 Rxd6 31. d5 f5 32. Ke2 Rc8 33. Kd3
b6 34. Nb5 Rd7 35. h4 g6 36. a4 Rc5 37. Kd4 Kf7 38. a5 a6 39. axb6 Rxb5 40.
Rxb5 axb5 41. Kc5 Ke7 42. b7 Rc7+ 43. Kb6 Rxb7+ 44. Kxb7 Kd6 45. Kb6 b4 46. Kb5
b3 47. Bd1 b2 48. Bc2 Kxd5 49. Kb4 Ke5 50. Kc3 Kf4 51. Kxb2 Kg4 52. Kc3 Kxh4
53. Kd4 Kg5 54. Ke5 h5 55. Bd3 h4 56. Bc2 f4 57. f3 h3 58. gxh3 Kh4 59. Bxg6
Kg3 60. Be4 1-0

[Event "12.PSF-A"]
[Site "Prague"]
[Date "2016.06.21"]
[Round "4.11"]
[White "Aubrecht, Petr"]
[Black "Docekalova, Alexandra"]
[Result "0-1"]
[WhiteElo "1890"]
[BlackElo "1855"]
[PlyCount "20"]
[EventDate "2016.06.25"]
[EventType "swiss"]
[EventRounds "9"]
[EventCountry "CZE"]

1. d3 f5 2. Bg5 Nf6 3. e3 d6 4. Be2 b6 5. f4 Bb7 6. Bh5+ g6 7. Bf3 Bxf3 8. Nxf3
Bg7 9. c3 Qd7 10. Nbd2 Nd5 {cerna vyhrala ve 44.tahu, cist se to neda. Ja bych
zapis cetl jako 1.h3 f5 2.Sd2 - na druhem je 2.Sb5 - prase aby se v tom
vyznalo ...} 0-1

[Event "12.PSF-A"]
[Site "Prague"]
[Date "2016.06.21"]
[Round "4.12"]
[White "Pribylova, Sofie"]
[Black "Stojkovic, Andreja"]
[Result "0-1"]
[WhiteElo "1854"]
[BlackElo "1877"]
[PlyCount "112"]
[EventDate "2016.06.25"]
[EventType "swiss"]
[EventRounds "9"]
[EventCountry "CZE"]

1. d4 f5 2. Bf4 Nf6 3. e3 g6 4. Nf3 Bg7 5. Bc4 e6 6. h3 O-O 7. Nbd2 d6 8. Qe2
a5 9. c3 Qe7 10. O-O-O d5 11. Bd3 b6 12. Ne5 c5 13. Bb5 c4 14. g4 Ba6 15. Bxa6
Rxa6 16. gxf5 exf5 17. Nexc4 b5 18. Ne5 Rb6 19. Kb1 a4 20. a3 Rc8 21. Rc1 Nc6
22. Nxc6 Rcxc6 23. Be5 Nd7 24. Bxg7 Kxg7 25. h4 h6 26. Qf3 Qe6 27. Qf4 Rb7 28.
Nf3 Qe4+ 29. Qxe4 fxe4 30. Nd2 Nb6 31. f3 exf3 32. e4 dxe4 33. Nxe4 Nc4 34. Rc2
Re7 35. Ng3 Rf6 36. Rf2 Re3 37. Kc1 Kf7 38. Rhf1 Rf4 39. Ne2 Rxh4 40. Rxf3+
Rxf3 41. Rxf3+ Ke7 42. Rf2 g5 43. Ng3 Rh3 44. Ne4 g4 45. Nd2 Nxd2 46. Kxd2 g3
47. Re2+ Kd6 48. Ke3 Rh2 49. Kf3 Rxe2 50. Kxe2 h5 51. Kf3 h4 52. Ke3 h3 53. Kf3
g2 54. Kf2 Kd5 55. Kg1 Ke4 56. Kf2 Kf4 0-1

[Event "12.PSF-A"]
[Site "Prague"]
[Date "2016.06.21"]
[Round "4.13"]
[White "Ruzicka, Ondrej"]
[Black "Kunc, Jan"]
[Result "1/2-1/2"]
[WhiteElo "1927"]
[BlackElo "1770"]
[PlyCount "110"]
[EventDate "2016.06.25"]
[EventType "swiss"]
[EventRounds "9"]
[EventCountry "CZE"]

1. e4 c5 2. Nf3 d6 3. d4 cxd4 4. Nxd4 Nf6 5. Nc3 a6 6. Be3 e6 7. f3 Be7 8. g4
Qc7 9. Qd2 b5 10. O-O-O Bb7 11. Bxb5+ axb5 12. Ndxb5 Qd8 13. Nxd6+ Bxd6 14. g5
Be7 15. Qxd8+ Bxd8 16. gxf6 Bxf6 17. Bd4 Nd7 18. Nb5 Ke7 19. Bxf6+ Nxf6 20. Nd6
Bc6 21. a3 Rhd8 22. Nc4 Bb5 23. Rxd8 Rxd8 24. Ne5 Nh5 25. c4 Be8 26. Rd1 Rxd1+
27. Kxd1 Kd6 28. Nd3 g5 29. b4 f5 30. b5 fxe4 31. fxe4 Nf4 32. c5+ Kc7 33. b6+
Kb7 34. Ne5 h5 35. Nc4 Kb8 36. Kd2 g4 37. Ke3 Ng6 38. e5 Bc6 39. Na5 Nxe5 40.
Kf4 Ng6+ 41. Kg5 Be8 42. Kxh5 Ne5+ 43. Kg5 Ba4 44. Kf6 Nf3 45. Kxe6 Nxh2 46. c6
Bxc6 47. Nxc6+ Kb7 48. Nd4 g3 49. Ne2 g2 50. Ng1 Kxb6 51. Kd5 Kb5 52. Kd4 Ka4
53. Ke3 Kxa3 54. Kf2 Ng4+ 55. Kf3 Ne5+ 1/2-1/2

[Event "12.PSF-A"]
[Site "Prague"]
[Date "2016.06.21"]
[Round "4.14"]
[White "Hernandez, Yanez Javier"]
[Black "Martirosyan, Ara"]
[Result "1/2-1/2"]
[WhiteElo "1919"]
[BlackElo "1767"]
[PlyCount "58"]
[EventDate "2016.06.25"]
[EventType "swiss"]
[EventRounds "9"]
[EventCountry "CZE"]

1. d4 Nf6 2. Nf3 g6 3. c4 Bg7 4. Nc3 d6 5. e4 O-O 6. Be2 e5 7. h3 exd4 8. Nxd4
Re8 9. Qd3 Nbd7 10. f3 Nh5 11. Be3 Nc5 12. Qd2 a5 13. O-O-O Bd7 14. g4 Ng3 15.
Rhe1 Nxe2+ 16. Rxe2 a4 17. h4 a3 18. b3 Qf6 19. g5 Qe5 20. Bf4 Qxd4 21. Qxd4
Bxd4 22. Rxd4 Ne6 23. Be3 Nxd4 24. Bxd4 Rab8 25. Nd5 Kf8 26. Nf6 Red8 27. Nxh7+
Kg8 28. Nf6+ Kf8 29. Nh7+ Kg8 1/2-1/2

[Event "12.PSF-A"]
[Site "Prague"]
[Date "2016.06.21"]
[Round "4.15"]
[White "Plchot, Miroslav"]
[Black "Ruzicka, Filip"]
[Result "1-0"]
[WhiteElo "1884"]
[BlackElo "1570"]
[PlyCount "73"]
[EventDate "2016.06.25"]
[EventType "swiss"]
[EventRounds "9"]
[EventCountry "CZE"]

1. d4 Nf6 2. Bg5 d6 3. Bxf6 exf6 4. Nc3 d5 5. a3 Bf5 6. Nf3 Be7 7. h4 Nc6 8. h5
Qd7 9. e3 h6 10. Bd3 Bg4 11. Qd2 a6 12. Nh4 Be6 13. g3 Bd6 14. Ng2 Qe7 15. Nf4
Bxf4 16. gxf4 Qd7 17. Rg1 Rg8 18. Bh7 Rh8 19. Rxg7 f5 20. O-O-O O-O-O 21. Na4
Qe7 22. Nc5 Rdf8 23. Qd3 Qf6 24. Rdg1 Ne7 25. Qb3 b6 26. Nxa6 Bd7 27. Nb4 Be6
28. Qa4 Qh4 29. Nc6 Nxc6 30. Qxc6 Qxf2 31. Bxf5 Qxe3+ 32. Kb1 Bxf5 33. Qa8+ Kd7
34. Qxd5+ Ke7 35. Qxf5 Qxd4 36. Re1+ Kd8 37. Rgg1 1-0

[Event "12.PSF-A"]
[Site "Prague"]
[Date "2016.06.21"]
[Round "4.16"]
[White "Hacaperka, Michal"]
[Black "Mach, Petr"]
[Result "1-0"]
[WhiteElo "1861"]
[BlackElo "1699"]
[PlyCount "55"]
[EventDate "2016.06.25"]
[EventType "swiss"]
[EventRounds "9"]
[EventCountry "CZE"]

1. e4 c5 2. Nc3 e6 3. f4 Nc6 4. Nf3 d6 5. Bb5 Bd7 6. O-O Nge7 7. Bxc6 Bxc6 8.
d3 g6 9. Qe1 Bg7 10. b3 d5 11. e5 d4 12. Ne4 Bxe4 13. dxe4 Nc6 14. Ba3 b6 15.
Rd1 Qc7 16. c3 dxc3 17. Qxc3 O-O 18. b4 cxb4 19. Bxb4 Rfc8 20. Bd6 Qb7 21. Qe1
Na5 22. f5 exf5 23. exf5 Nc4 24. f6 Nxd6 25. Rxd6 Bf8 26. Qd2 Bxd6 27. exd6 Rd8
28. Qh6 1-0

[Event "12.PSF-A"]
[Site "Prague"]
[Date "2016.06.21"]
[Round "4.18"]
[White "Mach, st. Petr"]
[Black "Pribyl, Viktor"]
[Result "0-1"]
[WhiteElo "1688"]
[BlackElo "1892"]
[PlyCount "60"]
[EventDate "2016.06.25"]
[EventType "swiss"]
[EventRounds "9"]
[EventCountry "CZE"]

1. e4 c5 2. Nf3 d6 3. Bb5+ Nd7 4. O-O a6 5. Be2 Ngf6 6. Nc3 e6 7. d4 cxd4 8.
Qxd4 Qc7 9. Bg5 Be7 10. h3 O-O 11. Rfe1 b6 12. Nd2 Bb7 13. Qc4 Nc5 14. Bf3 b5
15. Qd4 h6 16. Bh4 Rfd8 17. Rad1 Rac8 18. a3 Ncd7 19. Qe3 Nb6 20. Qe2 Nxe4 21.
Bxe4 Bxh4 22. Qh5 Bf6 23. Bxb7 Qxb7 24. Nde4 Bxc3 25. Nxc3 Nc4 26. Rd3 Nxb2 27.
Rg3 Kf8 28. Qg4 g6 29. Qf4 Kg7 30. Ne4 Qe7 0-1

[Event "12.PSF-A"]
[Site "Prague"]
[Date "2016.06.21"]
[Round "4.19"]
[White "Bartos, Miroslav"]
[Black "Hejsek, Lukas"]
[Result "1-0"]
[WhiteElo "1862"]
[BlackElo "1633"]
[PlyCount "67"]
[EventDate "2016.06.25"]
[EventType "swiss"]
[EventRounds "9"]
[EventCountry "CZE"]

1. c4 c5 2. g3 Nc6 3. Bg2 g6 4. e3 Bg7 5. a3 d6 6. Ne2 Nf6 7. Nbc3 O-O 8. O-O
Bf5 9. d4 cxd4 10. Nxd4 Bd7 11. b4 Rc8 12. Qb3 a6 13. Rd1 Qc7 14. Nd5 Nxd5 15.
Bxd5 Nxd4 16. exd4 e6 17. Bg2 Qxc4 18. Qxc4 Rxc4 19. Bxb7 Bxd4 20. Bxa6 Bxa1
21. Bxc4 Ba4 22. Rxd6 Rc8 23. Bh6 Be5 24. Rxe6 Bxg3 25. hxg3 Rxc4 26. Ra6 Be8
27. Ra8 Re4 28. b5 f5 29. b6 Kf7 30. Ra7+ Kf6 31. Be3 Bc6 32. Rc7 Re6 33. Rxc6
Rxc6 34. b7 {cas} 1-0

[Event "12.PSF-A"]
[Site "Prague"]
[Date "2016.06.22"]
[Round "5.1"]
[White "Benes, Petr"]
[Black "Vichnar, David"]
[Result "0-1"]
[WhiteElo "2015"]
[BlackElo "2346"]
[PlyCount "138"]
[EventDate "2016.06.25"]
[EventType "swiss"]
[EventRounds "9"]
[EventCountry "CZE"]
[WhiteClock "0:21:24"]
[BlackClock "0:27:46"]

1. d4 d5 2. Nf3 c6 3. g3 Nf6 4. Bg2 Bf5 5. O-O e6 6. Nbd2 Be7 7. c4 h6 8. Qb3
Qc7 9. Ne5 Nbd7 10. Nd3 O-O 11. Nf3 Be4 12. Bf4 dxc4 13. Qxc4 Qa5 14. Bd2 Qf5
15. Nf4 g5 16. Nd3 Bxd3 17. exd3 Nb6 18. Qb3 Qd5 19. Qd1 Qb5 20. Qc2 Rfd8 21.
a4 Qf5 22. a5 Nbd5 23. a6 b6 24. Ne5 Rac8 25. Nxc6 Rd6 26. Nxe7+ Nxe7 27. Qa4
Rcd8 28. Qa3 Nc6 29. f4 g4 30. Rae1 Nxd4 31. Re5 Qg6 32. Bc3 Qxd3 33. Kh1 Nf3
34. f5 exf5 35. Re7 Nd5 36. Re8+ Kh7 37. Rh8+ Kg6 38. Rg8+ Kh5 39. Be5 Qxa3 40.
bxa3 Rxg8 41. Bxd6 Rd8 42. Bf4 Nxf4 43. gxf4 Rd4 44. Bxf3 gxf3 45. Rxf3 Kg4 46.
Rg3+ Kxf4 47. Rh3 Kg5 48. Rg3+ Kf6 49. Rh3 Kg6 50. Rg3+ Rg4 51. Rc3 Ra4 52. Kg2
Rxa6 53. Kg3 Ra4 54. Rd3 Kg5 55. Kf3 h5 56. Rb3 h4 57. Kg2 Rg4+ 58. Kf2 Rc4 59.
Kg2 Rc2+ 60. Kg1 Ra2 61. Kh1 f4 62. Kg1 Re2 63. Rd3 Re3 64. Rd5+ Kg4 65. a4 Ra3
66. Rd4 Kf3 67. h3 Kg3 68. Kf1 Ra1+ 69. Ke2 f3+ 0-1

[Event "12.PSF-A"]
[Site "Prague"]
[Date "2016.06.22"]
[Round "5.2"]
[White "Brcak, Marek"]
[Black "Kulhanek, Tomas"]
[Result "0-1"]
[WhiteElo "1866"]
[BlackElo "2367"]
[PlyCount "82"]
[EventDate "2016.06.25"]
[EventType "swiss"]
[EventRounds "9"]
[EventCountry "CZE"]
[WhiteClock "0:29:36"]
[BlackClock "0:33:49"]

1. e4 d6 2. d4 Nf6 3. Nc3 g6 4. f3 c6 5. Be3 Bg7 6. Qd2 b5 7. Bd3 Nbd7 8. Nge2
h5 9. a3 a6 10. O-O Qc7 11. Nd1 e5 12. c4 exd4 13. Bxd4 Ne5 14. Rc1 Qd7 15. Qc3
O-O 16. Kh1 Bb7 17. Nf2 Rfe8 18. Rfd1 c5 19. Be3 Nh7 20. Qd2 Bc6 21. b3 Qb7 22.
Nf4 Nf8 23. Nd5 Bxd5 24. cxd5 Nxd3 25. Nxd3 Nd7 26. Bf4 Ne5 27. Nxe5 Bxe5 28.
Bxe5 Rxe5 29. Re1 Rae8 30. Qd3 f5 31. a4 fxe4 32. Rxe4 Rxe4 33. fxe4 Qe7 34.
axb5 axb5 35. Re1 Qh4 36. g3 Qg4 37. Kg2 h4 38. e5 h3+ 39. Kh1 c4 40. bxc4 bxc4
41. Qf1 Rf8 0-1

[Event "12.PSF-A"]
[Site "Prague"]
[Date "2016.06.22"]
[Round "5.3"]
[White "Istona, Martin"]
[Black "Kiss, Pal"]
[Result "1/2-1/2"]
[WhiteElo "2173"]
[BlackElo "2290"]
[PlyCount "20"]
[EventDate "2016.06.25"]
[EventType "swiss"]
[EventRounds "9"]
[EventCountry "CZE"]
[WhiteClock "1:32:06"]
[BlackClock "1:19:52"]

1. e4 c6 2. d4 d5 3. e5 Bf5 4. Nf3 e6 5. Be2 c5 6. Be3 cxd4 7. Nxd4 Ne7 8. Nd2
Nbc6 9. N2f3 Bg4 10. O-O Bxf3 1/2-1/2